Nigeria Development Report: 2001 (Record no. 2285)
[ view plain ]
| 000 -LEADER | |
|---|---|
| fixed length control field | 00332nam a22001337a 4500 |
| 008 - FIXED-LENGTH DATA ELEMENTS--GENERAL INFORMATION | |
| fixed length control field | 250312b |||||||| |||| 00| 0 eng d |
| 020 ## - INTERNATIONAL STANDARD BOOK NUMBER | |
| ISBN | 978800306O |
| 100 ## - MAIN ENTRY--AUTHOR | |
| Author | OYEJIDE, Ademola T. |
| 245 ## - TITLE STATEMENT | |
| Title | Nigeria Development Report: 2001 |
| 260 ## - PUBLICATION, DISTRIBUTION, ETC. (IMPRINT) | |
| Place of publication | Ibadan |
| Name of publisher | Pal-Mag Press |
| Date of publication | 2002 |
| 300 ## - COLLATION | |
| Pagination | 181p. |
| 942 ## - ADDED ENTRY ELEMENTS (KOHA) | |
| Item type | Books |
| 050 ## - LIBRARY OF CONGRESS CALL NUMBER | |
| Classification number | HC1055 |
| Item number | .N54 |
| Source of classification or shelving scheme | Not for loan | Permanent location | Current location | Date acquired | Accession No. | Full call number | Barcode. | Koha item type |
|---|---|---|---|---|---|---|---|---|
| Library of Congress Classification | Samuel Ogbemudia Main Library, University of Abuja | Samuel Ogbemudia Main Library, University of Abuja | 03/12/2025 | 2003/25698 | HC1055.N54 | 2025-0540 | Books | |
| Library of Congress Classification | Samuel Ogbemudia Main Library, University of Abuja | Samuel Ogbemudia Main Library, University of Abuja | 03/12/2025 | 2003/25698 | HC1055.N54 | 2025-0541 | Books |